Central Library OPAC University of Rajshahi

Muhammad : the holy prophet. Author: Hafiz Ghulam Sarwar (Record no. 29658)

MARC details
000 -LEADER
fixed length control field 00797nam a2200241 a 4500
001 - CONTROL NUMBER
control field 29658
003 - CONTROL NUMBER IDENTIFIER
rucl marc code BD-RjUL
005 - DATE AND TIME OF LATEST TRANSACTION
control field 20211209051436.0
008 - FIXED-LENGTH DATA ELEMENTS--GENERAL INFORMATION
fixed length control field 181030s1949 pk b 001 0deng d
035 ## - SYSTEM CONTROL NUMBER
System control number (BD-RjUL)29743
040 ## - CATALOGING SOURCE
Original cataloging agency DLC
Transcribing agency DLC
Modifying agency BD-RjUL
Language of cataloging eng
041 ## - LANGUAGE CODE
Language code of text/sound track or separate title eng
082 ## - DEWEY DECIMAL CLASSIFICATION NUMBER
Classification number 297.63
Edition number 23
Author mark and year SAM 1949
100 1# - MAIN ENTRY--PERSONAL NAME
Personal name Sarwar, Hafiz Ghulam
9 (RLIN) 224561
245 10 - TITLE STATEMENT
Title Muhammad : the holy prophet. Author: Hafiz Ghulam Sarwar
Remainder of title the holy prophet /
Statement of responsibility, etc. by Hafiz Ghulam Sarwar
250 ## - EDITION STATEMENT
Edition statement 3rd impression
260 ## - PUBLICATION, DISTRIBUTION, ETC. (IMPRINT)
Place of publication, distribution, etc. Lahore:
Name of publisher, distributor, etc. Muhammad Ashraf,
Date of publication, distribution, etc. 1949
300 ## - PHYSICAL DESCRIPTION
Pagination xx, 472 p. ;
Size 22 cm.
600 ## - SUBJECT ADDED ENTRY--PERSONAL NAME
Personal name Muḥammad,
Titles and other words associated with a name Prophet,
Dates associated with a name -632
General subdivision Biography
650 #0 - SUBJECT ADDED ENTRY--TOPICAL TERM
Topical term or geographic name as entry element Psychology
General subdivision Research
Geographic subdivision India.
9 (RLIN) 89189
Topical term or geographic name as entry element Psychology
General subdivision Research
-- Social aspects
Geographic subdivision India.
9 (RLIN) 89190
942 ## - ADDED ENTRY ELEMENTS (KOHA)
Source of classification or shelving scheme Dewey Decimal Classification
Koha item type Rare Books
Holdings
Lost status Source of classification or shelving scheme Damaged status Not for loan Collection code Permanent Location Current Location Shelving location Date acquired Source of acquisition Cost, normal purchase price Total Checkouts Full call number Date last seen Copy number Koha item type
  Dewey Decimal Classification   Not For Loan Rare Books Central Library, University of Rajshahi Central Library, University of Rajshahi Rare Book Section 30/07/1966 A. I. Quraishi 10.40   RA 297.63 SAM 1949 30/10/2018 C-1 Rare Books